| 000 | 00354nam a22001337a 4500 | ||
|---|---|---|---|
| 082 |
_a621.4831 _bSTA _cL-7, P-34 |
||
| 100 |
_aN.E.L California _941898 |
||
| 245 | _aStanford pool reactor volume-III | ||
| 260 |
_aCalifornia _bStanford university |
||
| 300 | _bill. | ||
| 526 |
_a0 _b0 _c0 _d621_483100000000000_STA |
||
| 650 |
_aMCE _9379 |
||
| 942 |
_2ddc _cBK |
||
| 999 |
_c545918 _d545918 |
||